Culture Générale - Série 818 - Statistiques

Statistiques générales
  • Ce quiz a été pris 144 fois
  • Le résultat moyen est 6 sur 10
Statistiques - réponses
Question Réponse % Correct
Par quel prénom féminin désigne-t-on la fusée européenne, dont le premier vol réussi eut lieu le 24 décembre 1979? Ariane
96%
Quelle pipe à long tuyau, fumée par les Indiens d'Amérique du Nord, symbolise aujourd'hui une réconciliation ? calumet
96%
Quel roi de la mythologie grecque partit, avec les Argonautes, à la conquête de la Toison d'or ? Jason
77%
De quel fruit l'explorateur Amédée François Frézier ramena-t-il une variété chilienne ? fraise
74%
Autrefois, quel adjectif qualifiait un garde préposé à la garde des propriétés rurales d'une commune ? champêtre
62%
Quel terme désigne les membres d'un peuple ou d'une communauté dispersés à travers le monde ? diaspora
60%
Quel mot désigne à la fois le mouvement de la marée descendante, et une remontée du contenu acide de l'estomac ? reflux
54%
Quelle presqu'île du Finistère est renommée pour ses fraises ? Plougastel
37%
Qui animait l'émission "Le Juste Prix" de novembre 1992 à août 2001 ? Philippe Risoli
35%
Quel est l'autre nom du fleuve américain Rio Grande ? Río Bravo
17%
Aucun quiz correspondant
Distribution des résultats
% des personnes avec chaque résultat
Percentile par nombre de réponses
Votre historique - résultats
Vous n’avez pas pris ce quiz